| 000 | 01457pam a2200433 i 4500 | ||
|---|---|---|---|
| 999 |
_c216 _d216 |
||
| 001 | 020337504 | ||
| 003 | UkOxU | ||
| 005 | 20190801111155.0 | ||
| 008 | 141114s2015 enkab j 000|0|eng|d | ||
| 015 |
_aGBB501318 _2bnb |
||
| 016 | 7 |
_a017001346 _2Uk |
|
| 020 | _a9781409583004 (pbk.) : | ||
| 035 | _a(Uk)017001346 | ||
| 040 |
_aStDuBDS _beng _cStDuBDS _dUk _erda |
||
| 042 | _aukblcatcopy | ||
| 082 | 0 | 4 |
_a200.9 MER _223 |
| 100 | 1 |
_aMeredith, Susan, _d1951- _eauthor. |
|
| 240 | 1 | 0 | _aUsborne Internet-linked encyclopedia of world religions |
| 245 | 1 | 4 |
_aThe Usborne encyclopedia of world religions / _cSusan Meredith & Clare Hickman |
| 246 | 3 | 0 | _aEncyclopedia of world religions |
| 246 | 3 | 0 | _aWorld religions |
| 250 |
_aRevised edition / _bSusan Meredith and Clare Hickman ; edited by Kirsteen Robson. |
||
| 264 | 1 |
_aLondon : _bUsborne, _c[2015] |
|
| 300 |
_a127 pages : _billustrations (black and white, and colour), maps (colour) ; _c28 cm |
||
| 336 |
_atext _2rdacontent |
||
| 336 |
_astill image _2rdacontent |
||
| 336 |
_acartographic image _2rdacontent |
||
| 337 |
_aunmediated _2rdamedia |
||
| 338 |
_avolume _2rdacarrier |
||
| 500 | _aPrevious edition: 2010. | ||
| 500 |
_aFormerly CIP. _5Uk |
||
| 521 | 1 | _a8+. | |
| 521 | 2 | _aKey Stage 2. | |
| 650 | 0 |
_aReligions _vJuvenile literature. |
|
| 700 | 1 |
_aHickman, Clare, _eauthor. |
|
| 700 | 1 |
_aRobson, Kirsteen, _eeditor. |
|
| 942 |
_2ddc _cNFIC |
||